000 00306nam a22001217a 4500
008 180426b xxu||||| |||| 00| 0 eng d
041 _aeng
080 _a043.3
100 _a0
101 _aMBE-BA
245 _aPermirsimi i Ambientit te berit Biznes ne Republiken e Kosoves
_cShabani, E
942 _2udc
_cBK
999 _c45594
_d45594